El visitador del preso
Análisis de filosofía penal donde se argumentan algunos postulados éticos respecto del proceso de visita a las cárceles. La autora emplea el método de pregunta y análisis conceptual para desarrollar cada tema. En este sentido, se pregunta por el concepto de delito y el de delincuente, así como por e...
Gespeichert in:
| Format: | Buch |
|---|---|
| Sprache: | Undetermined |
| Veröffentlicht: |
Buenos Aires, Argentina
Editorial Tor
[s.f.]
|
| Schlagworte: | |
| Tags: |
Tag hinzufügen
Keine Tags, Fügen Sie den ersten Tag hinzu!
|
MARC
| LEADER | 00000nam a2200000Ia 4500 | ||
|---|---|---|---|
| 008 | 170316s9999 xx 000 0 und d | ||
| 040 | |a cru BVZT | ||
| 090 | |a 100 A-34v | ||
| 245 | |a El visitador del preso |c / Concepción Arenal | ||
| 260 | |a Buenos Aires, Argentina |b Editorial Tor |c [s.f.] | ||
| 300 | |a 160 páginas | ||
| 520 | |a Análisis de filosofía penal donde se argumentan algunos postulados éticos respecto del proceso de visita a las cárceles. La autora emplea el método de pregunta y análisis conceptual para desarrollar cada tema. En este sentido, se pregunta por el concepto de delito y el de delincuente, así como por el lenguaje apropiado para hablar con una persona presa. Por otra parte, presenta una serie de ventajas y dificultades de la persona que visita, así como una clasificación de estas. Además, se realiza un análisis conceptual dualista preguntando por la relación o distinción entre: generalizar e individualizar, arrepentimiento y enmienda, cosa o persona, la familia y los amigos del preso. Finalmente, se estudia el papel de algunas de las personas implicadas en este fenómeno como los reincidentes, las mujeres, los procesados y los empleados | ||
| 650 | |a FILOSOFÍA |9 5 | ||
| 650 | |a ÉTICA |9 104 | ||
| 999 | |c 15535 |d 15535 | ||
| 942 | |c 15 D |h 100 A-34v |2 z | ||
